000 00595nam a2200205Ia 4500
003 GCL
008 140319s9999 xx 000 0 eng d
040 _aGCL /
_cGCL
082 0 4 _aCC
_b932.014
_bN G
100 1 _aMOBLECOURT, CHRISTIANE DESROUCHES
245 1 0 _aLE GRAND PHARAON RAMSES II ET SON TEMPS /
_cMOBLECOURT, CHRISTIANE DESROUCHES
260 _a[S.N] :
_bPALIS DE LA CIVILISATION ،
_c1985
650 0 4 _aLUXOR
650 0 4 _aVALLEY OF THE KINGS
650 0 4 _aANCIENT EGYPT - TOMBS
650 0 4 _aTHEBES
650 0 4 _aRAMSES II
650 0 4 _aNEW KINGDOM - EGYPT
942 _2ddc
_cBK
999 _c20307
_d20307